000
00316nam a2200121Ia 4500
005
20251222140108.0
008
251222s1900||||xx |||||||||||||| ||spa||
020
_a
84-7441-271-3
082
_a
241.2/F57
100
_a
"Flecha Andrés, José-Román"
245
0
_a
Sed perfectos: Notas de moral fundamental
942
_c
LIB
999
_c
4180
_d
4180